Aquacultural engineering

Αποθηκεύτηκε σε:
Λεπτομέρειες βιβλιογραφικής εγγραφής
Κύριος συγγραφέας: Wheaton, Fredrick Warner
Μορφή: Βιβλίο
Γλώσσα:English
Δημοσίευση: Malabar : Krieger, 1985
Θέματα:
Ετικέτες: Προσθήκη ετικέτας
Δεν υπάρχουν, Καταχωρήστε ετικέτα πρώτοι!

MARC

LEADER 00000pam a2200000 i 4500
001 1/81458
008 970509r19851977 eng d
020 |a 0-89874-788-0 
035 |l 10005308 
040 |a GR-MY-UA  |b gre  |e aacr 
041 0 |a eng 
082 0 |a 639.3  |2 (21) 
100 1 |a Wheaton, Fredrick Warner. 
245 1 0 |a Aquacultural engineering /  |c Fredrick W. Wheaton 
260 |a Malabar :   |b Krieger,   |c 1985 
300 |a xx, 708 σ.;  |c 24 εκ. 
500 |a Reprint. Originally published: New York : Wiley, 1977. (Ocean engineering, a Wiley series) 
504 |a Περιλαμβάνει βιβλιογραφίες και ευρετήριο 
650 0 0 |a Aquacultural engineering. 
852 |a INST  |b LESVOS  |e 19970509  |h 639.3 WHE  |p 005100011323  |q 005100011323  |t BK  |y 0 
909 |a Λ  |b 007225